000 00833nam a2200205 a 4500
001 000005392
005 20200929151650.0
008 090819s1988 sp a 001 0 spa d
020 _a8400068858
040 _aDO-SdBNP
_bspa
_cBNPHU
082 _a910.4
_bG154i
100 1 _aGalera Gómez, Andrés
_915301
245 1 3 _aLa ilustración española y el conocimiento del nuevo mundo :
_blas ciencias naturales en la expedición malaspina (1789-1794) :
_bla labor científica de Antonio Pineda /
_cAndrés Galera Gómez.
260 _aMadrid, España :
_bConsejo Superior de Investigaciones Científicas,
_c1988.
300 _a277 p. :
_bil. ;
_c25 cm.
500 _aIncluye tabla de contenido e índice onomástico
504 _aIncluye referencias bibliográficas
650 4 _aExpedición malaspina (1789-1794)
_915302
049 _aBNPD
999 _c5192
_d5192